| 000 | 00366nam a2200133Ia 4500 | ||
|---|---|---|---|
| 008 | 220204s9999 xx 000 0 und d | ||
| 082 |
_a535.243:535-1 _bBRA |
||
| 100 | _aBrame, Edward G | ||
| 245 | 0 | _aInfrared and Raman spectroscopy. Part B | |
| 260 |
_aNew York _bDekker _c1977 |
||
| 650 | _ainfrared spectroscopy | ||
| 700 | _aGrasselli, Jeanette G | ||
| 942 | _cBK | ||
| 999 |
_c26563 _d26563 |
||